MARC details
| 000 -LEADER |
| fixed length control field |
02499cam a2200469 i 4500 |
| 001 - CONTROL NUMBER |
| control field |
23128775 |
| 003 - CONTROL NUMBER IDENTIFIER |
| control field |
GBCCL |
| 005 - DATE AND TIME OF LATEST TRANSACTION |
| control field |
20250722120915.0 |
| 007 - PHYSICAL DESCRIPTION FIXED FIELD--GENERAL INFORMATION |
| fixed length control field |
t| |
| 008 - FIXED-LENGTH DATA ELEMENTS--GENERAL INFORMATION |
| fixed length control field |
221228s2022 ii b 000 0 eng |
| 020 ## - INTERNATIONAL STANDARD BOOK NUMBER |
| International Standard Book Number |
9789395457002 |
| Qualifying information |
HB |
| 020 ## - INTERNATIONAL STANDARD BOOK NUMBER |
| International Standard Book Number |
9789395457019 |
| Qualifying information |
PB |
| 025 ## - OVERSEAS ACQUISITION NUMBER |
| Overseas acquisition number |
I-E-2023339643; 13-90 |
| 035 ## - SYSTEM CONTROL NUMBER |
| System control number |
(DLC)23128775 |
| 037 ## - SOURCE OF ACQUISITION |
| Source of stock number/acquisition |
Library of Congress -- New Delhi Overseas Office |
| 040 ## - CATALOGING SOURCE |
| Original cataloging agency |
DLC |
| Language of cataloging |
eng |
| Description conventions |
rda |
| Transcribing agency |
DLC |
| Modifying agency |
DLC-MRC |
| -- |
DLC |
| 082 ## - DEWEY DECIMAL CLASSIFICATION NUMBER |
| Classification number |
227.06 |
| Item number |
TUN 1 |
| 100 0# - MAIN ENTRY--PERSONAL NAME |
| Personal name |
Tunchapbo, |
| Titles and words associated with a name |
SP |
| Relator term |
author |
| Relationship |
aut |
| -- |
http://id.loc.gov/vocabulary/relators/aut |
| Authority record control number or standard number |
http://id.loc.gov/authorities/names/n2015253784 |
| Real World Object URI |
http://id.loc.gov/rwo/agents/n2015253784 |
| 245 10 - TITLE STATEMENT |
| Title |
Jesus tradition in Paul and Pauline circle / |
| Statement of responsibility, etc. |
Tunchapbo, SP. |
| 250 ## - EDITION STATEMENT |
| Edition statement |
Revised edition. |
| 264 #1 - PRODUCTION, PUBLICATION, DISTRIBUTION, MANUFACTURE, AND COPYRIGHT NOTICE |
| Place of production, publication, distribution, manufacture |
Wazirpur Industrial Area, Delhi : |
| Name of producer, publisher, distributor, manufacturer |
Christian World Imprints, |
| Date of production, publication, distribution, manufacture, or copyright notice |
2022. |
| 300 ## - PHYSICAL DESCRIPTION |
| Extent |
xviii, 264 pages |
| Dimensions |
23 cm |
| 334 ## - MODE OF ISSUANCE |
| Mode of issuance term |
single unit |
| Mode of issuance code |
mono |
| Authority record control number or standard number |
http://id.loc.gov/vocabulary/issuance/mono |
| 336 ## - CONTENT TYPE |
| Content type term |
text |
| Content type code |
txt |
| Source |
rdacontent |
| Authority record control number or standard number |
http://id.loc.gov/vocabulary/contentTypes/txt |
| 337 ## - MEDIA TYPE |
| Media type term |
unmediated |
| Media type code |
n |
| Source |
rdamedia |
| Authority record control number or standard number |
http://id.loc.gov/vocabulary/mediaTypes/n |
| 338 ## - CARRIER TYPE |
| Carrier type term |
volume |
| Carrier type code |
nc |
| Source |
rdacarrier |
| Authority record control number or standard number |
http://id.loc.gov/vocabulary/carriers/nc |
| 353 ## - SUPPLEMENTARY CONTENT CHARACTERISTICS |
| Supplementary content term |
bibliography |
| Supplementary content code |
bibliography |
| Authority record control number or standard number |
http://id.loc.gov/vocabulary/msupplcont/bibliography |
| 386 ## - CREATOR/CONTRIBUTOR CHARACTERISTICS |
| Demographic group term |
National/regional group |
| Demographic group code |
nat |
| Creator/contributor term |
Indians (India) |
| Authority record control number or standard number |
http://id.loc.gov/authorities/demographicTerms/dg2015060712 |
| 386 ## - CREATOR/CONTRIBUTOR CHARACTERISTICS |
| Demographic group term |
Occupation/field of activity group |
| Demographic group code |
occ |
| Creator/contributor term |
Religion teachers |
| Authority record control number or standard number |
http://id.loc.gov/authorities/demographicTerms/dg2016060276 |
| 386 ## - CREATOR/CONTRIBUTOR CHARACTERISTICS |
| Demographic group term |
Religion group |
| Demographic group code |
rel |
| Creator/contributor term |
Christians |
| Authority record control number or standard number |
http://id.loc.gov/authorities/demographicTerms/dg2015060258 |
| 504 ## - BIBLIOGRAPHY, ETC. NOTE |
| Bibliography, etc. note |
Includes bibliographical references (pages 245-264) |
| 600 10 - SUBJECT ADDED ENTRY--PERSONAL NAME |
| Personal name |
Paul, |
| Titles and other words associated with a name |
the Apostle, Saint |
| General subdivision |
Theology |
| 630 00 - SUBJECT ADDED ENTRY--UNIFORM TITLE |
| Uniform title |
Bible. |
| Name of part/section of a work |
Epistles of Paul |
| General subdivision |
Criticism, interpretation, etc. |
| 650 #0 - SUBJECT ADDED ENTRY--TOPICAL TERM |
| Topical term or geographic name entry element |
Jesus People |
| Authority record control number or standard number |
http://id.loc.gov/authorities/subjects/sh85070147 |
| 655 #7 - INDEX TERM--GENRE/FORM |
| Genre/form data or focus term |
Informational works |
| Source of term |
lcgft |
| Authority record control number or standard number |
http://id.loc.gov/authorities/genreForms/gf2014026113 |
| 758 ## - RESOURCE IDENTIFIER |
| Real World Object URI |
http://id.loc.gov/resources/instances/23128775 |
| 758 ## - RESOURCE IDENTIFIER |
| Relationship |
http://id.loc.gov/ontologies/bibframe/instanceOf |
| Real World Object URI |
http://id.loc.gov/resources/works/23128775 |
| 884 ## - DESCRIPTION CONVERSION INFORMATION |
| Conversion process |
DLC bibframe2marc v2.10-dev |
| Conversion date |
20250609 |
| Conversion agency |
DLC |
| Uniform Resource Identifier |
https://github.com/lcnetdev/bibframe2marc/releases/tag/v2.10-dev |
| 906 ## - LOCAL DATA ELEMENT F, LDF (RLIN) |
| a |
7 |
| b |
cbc |
| c |
origode |
| d |
3 |
| e |
ncip |
| f |
20 |
| g |
y-gencatlg |
| 942 ## - ADDED ENTRY ELEMENTS (KOHA) |
| Source of classification or shelving scheme |
Dewey Decimal Classification |
| Koha item type |
Books |
| Suppress in OPAC |
No |